000 00680nam a2200229 a 4500
001 BRCA_4064
005 20190320204531.0
008 160210s1919----mx-#######---#000-0#spa-#
041 _aspa
044 _amx
050 4 _aF1230.C6
_b.M37 1919
100 1 _aMarqués de San Francisco
_910539
245 1 0 _aHernan Cortes, sus hijos y nietos, caballeros de las ordenes militares
_cMarqués de San Francisco.
260 _aMéxico
_bPedro Robredo
_c1919
300 _a51 p.
_c24 cm
500 _aEjemplar número 70 de 100 ejemplares
500 _aC138
600 1 4 _aCortés, Hernando
_d1485-1547
_910540
600 1 4 _aCortés, Familia
_910541
902 _aGFM
942 _2lcc
_cB
999 _c3788
_d3788